Trends in environmental policy and law = tendances actuelles de la politique et du droit de L'environnement /

Bibliographic Details
Other Authors: Bothe, Michael
Format: Book
Language:English
French
Published: Gland, Switzerland : International Union for Conservation of Nature and Natural Resources, 1980.
Series:IUCN environmental policy and law paper ; no. 15.
Subjects:

MARC

Tag First Indicator Second Indicator Subfields
LEADER 00000cam a2200000 a 4500
001 in00000087116
005 20151008064737.0
008 811125s1980 sz b 00000 eng d
035 |a (OCoLC)07957757 
035 |9 AAK4722AM 
040 |a CHU  |c CHU  |d TXA  |d UtOrBLW 
041 0 |a eng  |a fre 
049 |a TXAM  |c [1272241] 
090 |a K3585.6  |b .T74 
245 0 0 |a Trends in environmental policy and law =  |b tendances actuelles de la politique et du droit de L'environnement /  |c Project coordinator, Michael Bothe. 
246 3 1 |a Tendances actuelles de la politique et du droit de L'environnement  
264 1 |a Gland, Switzerland :  |b International Union for Conservation of Nature and Natural Resources,  |c 1980. 
300 |a xxi, 404 pages ;  |c 21 cm. 
336 |a text  |b txt  |2 rdacontent 
337 |a unmediated  |b n  |2 rdamedia 
338 |a volume  |b nc  |2 rdacarrier 
490 1 |a IUCN environmental policy and law paper ;  |v no. 15 
500 |a "[Published] in the context of IUCN-WWF project number 1244. Prepared... with the assistance of the Fund for Environmental Studies and of the Karl-Schmitz-Scholl-Fonds." 
500 |a English and French. 
504 |a Includes bibliographical references. 
650 0 |a Environmental law, International. 
650 0 |a Environmental policy  |x International cooperation. 
700 1 |a Bothe, Michael. 
740 0 |a Tendances actuelles de la politique et du droit de L'environnement. 
830 0 |a IUCN environmental policy and law paper ;  |v no. 15. 
999 |a MARS 
999 f f |s 12b6da71-b6b6-3848-99d7-84753f3c517b  |i cd508f3e-6e05-3c39-a906-ecd4dd925b70  |t 0 
952 f f |p ric  |a Texas A&M University  |b Rellis Campus  |c Joint Library Facility  |d Remote Storage  |t 0  |e K3585.6 .T74  |h Library of Congress classification  |i unmediated -- volume  |m A14806154113 
998 f f |a K3585.6 .T74  |t 0  |l Remote Storage